000 00419cam a2200169ua 4500
041 _aeng
_h
082 _a336
_bDAL/PR
100 _aDalton, Hugh .
245 _aPrinciples of public finance /
_cHugh Dalton.
_hTextual Documents
250 _a24 /
_b.
260 _aLondon :
_bRoutledge & Kegan Paul Ltd ,
_c1964.
300 _a255 ; .
504 _a
942 _cBK
999 _c6095
_d6095